000 00956nam a2200265 i 4500
001 184130
003 ES-MaACL
005 20231227062546.0
008 150323s1970 sp |||| |aspa d
080 _a821.134.2-1"19"
100 1 _aJiménez, Juan Ramón,
_d1881-1958
_966417
245 1 0 _aDiario de un poeta reciencasado
_b: con un apéndice de textos inéditos /
_cJuan Ramón Jiménez ; edición, prólogo y notas de Antonio Sánchez-Barbudo.
246 3 _aDiario de un poeta recién casado
260 _aBarcelona :
_bLabor,
_c1970.
300 _a312 p. ;
_c18 cm.
490 1 _aTextos hispánicos modernos ;
_v6
500 _aÍndice.
504 _aBibliografía: p. 52-56.
597 _aEn contracub.: retr. del autor.
598 _aColección dir. por Francisco Rico.
700 1 _aSánchez Barbudo, Antonio.
_9102480
830 0 _aTextos hispánicos modernos ;
_v6
_9181506
852 _aES-MaACL
_jE-15515
999 _c184130
_d184130